Boletín de la Comisión de Monumentos Históricos y Artísticos de Navarra. (Record no. 423)

MARC details
000 -LEADER
campo de control de longitud fija 01366nas a2200289 i 4500
001 - NÚMERO DE CONTROL
campo de control 423
003 - IDENTIFICADOR DE NÚMERO DE CONTROL
campo de control ES-MaACL
005 - FECHA Y HORA DE LA ÚLTIMA TRANSACCIÓN
campo de control 20250812062548.0
007 - CAMPO FIJO DE DESCRIPCIÓN FÍSICA--INFORMACIÓN GENERAL
campo de control de longitud fija t|
008 - DATOS DE LONGITUD FIJA--INFORMACIÓN GENERAL
campo de control de longitud fija 950801d18951927sp | | 1 ||pa d
080 ## - NÚMERO DE LA CLASIFICACIÓN DECIMAL UNIVERSAL
Número de la Clasificación Decimal Universal 7.025.4(460.16)
245 00 - MENCIÓN DEL TÍTULO
Título Boletín de la Comisión de Monumentos Históricos y Artísticos de Navarra.
260 ## - PUBLICACIÓN, DISTRIBUCIÓN, ETC.
Lugar de publicación, distribución, etc. Pamplona :
Nombre del editor, distribuidor, etc. Imp. Provincial,
Fecha de publicación, distribución, etc. [ca. 1895-1927] (
Fabricante Aramburu)
300 ## - DESCRIPCIÓN FÍSICA
Extensión 12 v. :
Otras características físicas grab. ;
Dimensiones 29 cm.
310 ## - PERIODICIDAD ACTUAL
Periodicidad actual Trimestral
362 0# - FECHAS DE PUBLICACIÓN Y/O DESIGNACIÓN SECUENCIAL
Fecha de publicación y/o designación secuencial Año I, n.1 (1 en. 1895)--2ª época (1910)- t. 17, n. 68 (4. trimestre 1926)- 3ª época (1927)-
500 ## - NOTA GENERAL
Nota general En la 2ª época, cuaderno 9 (1 en. 1912), subtít.: cuaderno 9º exclusivamente dedicado al esclarecido rey Don Sancho VIII el Fuerte y a la batalla de las Navas de Tolosa, con ocasión de celebrarse el 7º centenario de la gloriosa jornada.
500 ## - NOTA GENERAL
Nota general 3ª época (1927)
530 ## - NOTA DISPONIBLE DE FORMULARIO FÍSICO ADICIONAL
Nota de formato físico adicional disponible Disponible en formato digital.
650 17 - PUNTO DE ACCESO ADICIONAL DE MATERIA--TÉRMINO DE MATERIA
Término de materia o nombre geográfico como elemento de entrada Arte
Fuente del encabezamiento o término embne
9 (RLIN) 10068
650 #4 - PUNTO DE ACCESO ADICIONAL DE MATERIA--TÉRMINO DE MATERIA
Término de materia o nombre geográfico como elemento de entrada Monumentos-
Subdivisión general Restauración-
Subdivisión geográfica Navarra (Comunidad Autónoma)
9 (RLIN) 162056
710 2# - ENTRADA AGREGADA--NOMBRE DE ENTIDAD CORPORATIVA
Nombre de entidad corporativa o nombre de jurisdicción como elemento de entrada Comisión de Monumentos Históricos y Artísticos de Navarra (
Sede del congreso/Lugar de la reunión Pamplona)
9 (RLIN) 3022
852 ## - LOCALIZACIÓN
Ubicación ES-MaACL
Número de control de estantería HEM-D-143
Encuadernación Hem-1343
Signatura antigua
856 ## - LOCALIZACIÓN Y ACCESO ELECTRÓNICOS
Identificador Uniforme de Recursos <a href="http://prensahistorica.mcu.es/es/consulta/registro.cmd?id=8013 ">http://prensahistorica.mcu.es/es/consulta/registro.cmd?id=8013 </a>
Nota pública Biblioteca Virtual de Prensa Histórica
866 #0 - MENCIÓN TEXTUAL DE FONDOS--UNIDAD BIBLIOGRÁFICA BÁSICA
Fondos (1910-11),(1913),1915-28.
Holdings
Estatus retirado Estado de pérdida Estado de daño No para préstamo Colección Biblioteca de origen Biblioteca actual Ubicación en estantería Fecha de adquisición Fuente de adquisición Total de préstamos Signatura topográfica completa Código de barras Visto por última vez Precio de reemplazo Tipo de ítem Koha
        Colección digital Biblioteca del Ateneo de Madrid Biblioteca del Ateneo de Madrid Depósito 2 17/01/2008     HEM-D-143 1000433 23/02/2023 23/02/2023 Revista